| 000 | 00602 a2200181 4500 | ||
|---|---|---|---|
| 999 |
_c182987 _d182987 |
||
| 005 | 20211214101121.0 | ||
| 010 | _aENG-130291 | ||
| 020 |
_c1095.00 _a978-93-82974-84-0 |
||
| 035 | _aEN-113823 | ||
| 037 | _bDBAD / PUB | ||
| 082 | _a320 | ||
| 100 | _aPrasad, R.N. | ||
| 245 |
_aIndian Constitution and Government: _cR.N. Prasad |
||
| 260 |
_bNavyug Books International _c2018 _aNew Delhi |
||
| 270 |
_mnpd.books@gmail.com _aK-129, 1st Floor, 3 1/2, Pusta, Near Gree Vells School, Gautam Vihar _bDelhi _e110053 |
||
| 300 |
_av, 292p. _c22cm (hbk) |
||
| 942 |
_adpl _cEN _2ddc _h320 _mPAR |
||